[Event "Samba Cup 1st"]
[Site "Skanderborg"]
[Date "2003.10.11"]
[Round "2"]
[White "Kasimdzhanov, Rustam"]
[Black "Sadvakasov, Darmen"]
[Result "0-1"]
[WhiteElo "2668"]
[BlackElo "2595"]
[Annotator "Gofshtein,L"]
[PlyCount "60"]
[EventDate "2003.10.10"]
[EventType "tourn"]
[EventRounds "9"]
[EventCountry "DEN"]
[EventCategory "16"]
[SourceTitle "CBM 098"]
[Source "ChessBase"]
[SourceDate "2004.02.03"]
[SourceVersion "1"]
[SourceVersionDate "2004.02.03"]
[SourceQuality "1"]

1. e4 c5 2. Nf3 d6 3. d4 cxd4 4. Nxd4 Nf6 5. Nc3 a6 6. Bg5 e6 7. f4 Qb6 8. Qd2
Qxb2 9. Nb3 Qa3 {Black immideatly brings his queen back from a danger zone.
Other moves such as, 9...Nc6 or 9...Nbd7 have also been played} (9... Nc6 $5) (
9... Nbd7 $5) 10. Bxf6 {White corupts black's pawn stucture, recieving a
certain compensation for a sacrificed pawn} gxf6 11. Be2 {Finishing the
development and planning Bh5 at some point} Nc6 {Now in case of the eventual
Nb1, black has the square b4 for his queen. Another black's idea is to
exchange pieces after Na5, amking white's pressure less strong.} 12. O-O Bd7
13. Kh1 {A profilactic moves, white prepares an attack on the kingside} (13.
Bh5) 13... Rc8 $5 {Bringing the rook into play. Another possible move 13...h5
as the practice shows is pretty dangerous for black.} (13... h5 14. Nd1 (14.
Nb1 Qb4 (14... Qb2 $5 15. a3 (15. a4 f5 $13) 15... Rc8 $1 16. Rf3 e5 $1 17. Nc3
Nd4) (14... Qa4 15. c4) 15. Qe3 d5 $2 (15... Ne7 $5 16. c4 f5 17. a3 Qa4 18.
Nc3 Qc6 19. Nd4 Qc5 $132 {Jingxuan-Karpov,An/Hannover/1983/ (26)}) 16. exd5 Ne7
17. c4 $1 $36 {1-0/Spassky,B-Fischer,R/Reykjavik/1972/ (30)}) (14. Qe3 $5 Rc8 (
14... Na5 15. Nd5 $1 exd5 16. exd5+ Be7 17. Rfe1 $1 Nxb3 18. Bd3 $40) 15. Nb1
Qa4 (15... Qb2 $2 16. N1d2 b5 17. a3) 16. c4 Na5 17. Qc3 $44 {Tal,M-Byrne,R/
Leningrad izt/1973/ (19)}) 14... Rc8 (14... Qb4 15. Qe3 Ne7 16. a3 Qa4 17. f5
e5 $13 {Platonov-Buhover/URS/1963/}) 15. Ne3 Qb4 16. c3 Qxe4 (16... Qb6 {
Ftacnik} 17. Nc4 Qc7 18. Rad1 (18. Rfd1 h4 $5)) 17. Bd3 (17. Nc4 Nd8 18. Bd3 (
18. Nb6 Qc6 19. Nxc8 Qxc8 $13) (18. Nd4 Rc7) 18... Rxc4 $5 19. Bxe4 Rxe4 $13)
17... Qa4 18. Nc4 $13 {0-1 Short,N-Kasparov,G/PCA-Wch London 1993/CBM 36/
[Ftacnik] (40)}) (13... Be7 14. Nb1 Qb4 15. Qe3 Bd8 16. N1d2 Qb6 17. Qg3 $16)
14. Bh5 {Another move: 14.f5 didn't bring white success in the next game:} (14.
f5 Ne5 15. fxe6 fxe6 16. Bh5+ Kd8 17. Ne2 Kc7 18. Nf4 Kb8 $132 {0-1 Ligterink,
G-Geller,E/Wijk aan Zee 1977/MCL (25)}) 14... Bg7 {Practically forced move -
black prepares a castling. In this case black's dark-squared bishop is going
to be the main defender of the king} 15. Rf3 $5 {[%cal Rf3h3,Rf3c3] White
brings the rook to attack the black king and also defends his weaknesses on
the queenside.} (15. Rae1 Na5 16. f5 Nc4 17. Qd3 Ne5 18. Qh3 O-O 19. Re3 Qb4
$132 {0-1 Bernabe Duran,F-Magerramov,E/Andorra 1991/EXT 97 (33)}) 15... O-O 16.
Raf1 $146 {[%mdl 8] A novelty. Other possible moves in this position are: 16.
Rg3,16.Rd1 and 16.Re1 were tried before. The practice shows that black can
hold the position in spite of the dangerous position of his king.} (16. Re1 Na5
17. f5 (17. Nd4 $5 Qc5 18. f5 Nc4) 17... Nxb3 (17... Nc4 $5) 18. axb3 Qa5 (
18... exf5 $142 $5 19. Nd5 (19. exf5 Qa5 $17 {[%csl Rc3,Rf5]}) 19... Rfe8) 19.
Rd3 exf5 (19... Rfd8 20. Rd1) 20. Rxd6 Be6 (20... Qxc3 21. Rxd7 Qxc2 22. Qxc2
Rxc2 23. exf5 $44) 21. Nd5 Qxd2 22. Ne7+ Kh8 23. Rxd2 {1/2-1/2 Liberzon,
V-Ribli,Z/Buenos Aires 1978/EXT 2000/[Bukic] (29)}) (16. Rg3 Na5 $5 17. f5 {
[%cal Rd2h6]} (17. Nd5 $2 exd5 18. Nxa5 Qb2 $17) 17... Kh8 18. Nxa5 Qxa5 19.
Qxd6 Rxc3 20. Qxd7 exf5 21. exf5 Rxg3 22. hxg3 Qe5 $17) (16. Rd1 {Ftacnik} f5
17. exf5 exf5 $13 {Rodriguez,Am-Vera/Havana/1978/}) 16... Na5 $5 {[%cal Ra5c4]
A standart maneouvre, starting an active game on the queenside} 17. f5 {
Another possible move 17.Rg3 could have led to the same position as the game} (
17. Rg3 Kh8 18. f5 Nc4) 17... Nc4 18. Qf4 Ne5 19. Rg3 Kh8 20. Rxg7 {White's
play reached a dead end and he tries an doubtful exchange sacrifice, hoping to
confuse the opponent.} Kxg7 21. Qg3+ Kh8 22. Qh4 Rg8 $1 {Black recieves the
challenge and is not satisfied with the draw after 22...Kg7} 23. Bxf7 {Ili 23.
Qf6,chto privodilo k perestanovke xodov} (23. Qxf6+ Rg7 24. Bxf7 Nxf7) 23...
Nxf7 24. Qxf6+ Rg7 25. fxe6 Ne5 $1 {[%mdl 256] A cold blooded move, after
which black fully takes over the initiative} 26. exd7 Nxd7 $17 27. Qd4 Qb2 $1
28. Nd5 Rxc2 $19 {An extra exchange and the domination of his pieces give
black a decisive advantage} 29. Ne3 Rcxg2 30. Qxd6 Qf2 $1 0-1

[Event "Karadjordje Serbia"]
[Site "Topola"]
[Date "2004.05.05"]
[Round "2"]
[White "Pavlovic, Milos"]
[Black "Ruck, Robert"]
[Result "0-1"]
[WhiteElo "2545"]
[BlackElo "2556"]
[Annotator "Gofshtein,L"]
[PlyCount "66"]
[EventDate "2004.05.04"]
[EventType "tourn"]
[EventRounds "11"]
[EventCountry "YUG"]
[EventCategory "13"]
[SourceTitle "CBM 101"]
[Source "ChessBase"]
[SourceDate "2004.07.27"]
[SourceVersion "1"]
[SourceVersionDate "2004.07.27"]
[SourceQuality "1"]

1. e4 c5 2. Nf3 d6 3. d4 cxd4 4. Nxd4 Nf6 5. Nc3 a6 6. Bg5 e6 7. f4 Qb6 8. Qd2
Qxb2 9. Rb1 Qa3 10. f5 Nc6 11. fxe6 fxe6 12. Nxc6 bxc6 13. e5 dxe5 14. Bxf6
gxf6 15. Ne4 Qxa2 16. Rd1 Be7 17. Be2 O-O 18. O-O Ra7 {This move was first
introduced by Gelfand against Topalov in 1998, before that 18...f5 was played
which should lead to a draw if both sides play the best moves} (18... f5 {
(Tyomkin,D) This move leads to the draw (Tyomkin,D)} 19. Qh6 Qxc2 {There is
also the more dubious 19...Rf7} 20. Rd3 {Also 20.Rf3 and 20.Ng5 have been
played without success.} (20. Ng5 {Tyomkin,D} Bc5+ (20... Qc5+ $2 {Tyomkin,D}
21. Kh1 Bxg5 22. Qxg5+ Kh8 23. Rd8 Ra7 (23... Rxd8 {Tyomkin,D} 24. Qxd8+ Kg7
25. Qg5+ Kh8 26. Rd1 $18) 24. Rfd1 (24. Rxf5 $3 {Tyomkin,D} exf5 25. Qf6+ Kg8
26. Bc4+) (24. Qf6+ {Tyomkin,D} Kg8 25. Rxf5 $3 {mating}) 24... Raf7 25. Bh5
Rb7 26. Rxf8+ Qxf8 27. Rd8 {1:0 Wang Lei-Lhagvasuren, Beijing 1991}) 21. Kh1
Ra7 $17 {Liberzon-Gruenfeld, Biel 1980}) (20. Rf3 {Tyomkin,D} f4 21. Rh3 Rf7 (
21... Qxe4 {Tyomkin,D} 22. Bd3 Rd8 23. Bxe4 Rxd1+ 24. Kf2 $18) 22. Rhd3 Qxe2
23. Rd8+ Rf8 24. Nf6+ Kf7 25. Nh5 Bxd8 26. Qxh7+ Ke8 27. Qg6+ $11 {Watson-King,
London 1990}) 20... Qxe2 21. Rg3+ Kf7 22. Rxf5+ $1 exf5 23. Rg7+ Ke8 24. Qxc6+
Kd8 25. Qb6+ $11 {Velimirovic-Ftacnik, Vrsac 1981} Ke8 26. Qc6+ Kd8 27. Qb6+
Ke8 {A real proven position! 1/2-1/2 in Velimirovic-Ftacnik, Vrsac 1981,
Oll-Dolmatov,SSSR 1985, Pérez,R-Herrera,I, La Habana 1992, Kolev-Herrera,I
Madrid 1997.}) 19. Rf3 (19. Qh6 $2 {is bad due to} Qxc2 $17 {as the next
variations show.} 20. Nxf6+ (20. Bd3 {Tyomkin,D} Qb3 (20... Qa4 $5 {Tyomkin,D})
21. Kh1 (21. Rd2 {Tyomkin,D} f5 22. Rf3 Ba3 $3 23. Rg3+ (23. Bc2 $2 {Tyomkin,D}
Qb6+ 24. Kh1 fxe4) 23... Kh8 24. Nf6 Raf7) 21... f5 22. Qe3 Rd7 $1 23. Rd2 (23.
Qg3+ {Tyomkin,D} Kf7) 23... Bb4 $1 {0-1 Morris,W-Poulsen,A/Copenhagen op 1980}
(23... fxe4 {Tyomkin,D} 24. Qg3+ Kh8 25. Qxe5+) 24. Rdd1 (24. Rb1 {Tyomkin,D}
Bxd2 25. Qg3+ Rg7) 24... fxe4 25. Rxf8+ Bxf8) (20. Rd3 {(Tyomkin,D) Tyomkin,D}
Qxe2 21. Rg3+ Kf7 22. Rxf6+ Ke8 (22... Bxf6 {Tyomkin,D} 23. Qxf6+ Ke8 24. Nd6+
Kd7 25. Rg7+ Kxd6 26. Qxf8+ Kd5 27. Rxa7 Qd1+ 28. Qf1 Qd4+) 23. Rxf8+ Bxf8 24.
Nf6+ Kf7 25. Qxh7+ Kxf6 26. Rg6+ (26. Rf3+ {Tyomkin,D} Qxf3) 26... Kf5 27. Rg7+
Kf4 $19) (20. Qe3 {(Tyomkin,D) Tyomkin,D} Rb7 21. Rd2 (21. Bd3 {Tyomkin,D} Qb3
22. Rb1 Qd5 23. Rbd1 Rb3) 21... Qa4) 20... Bxf6 (20... Kh8 $5 {(Tyomkin,D)
Tyomkin,D} 21. Bd3 (21. Nd7 {Tyomkin,D} Rg8 22. Rd2 (22. Nf6 {Tyomkin,D} Bc5+
23. Kh1 Qxe2 24. Nxg8 Rg7) 22... Qe4) 21... Qc5+ 22. Kh1 Bxf6 23. Rxf6 Rg8) 21.
Rxf6 Qc5+ 22. Kh1 Rg7 23. Qh4 {Hyldkrog-Poulsen,A/corr/1979 -+ Ftacnik} (23.
Rdf1 {(Tyomkin,D) Tyomkin,D} Rxf6 24. Qxf6 Qe7 25. Qxe5 Qg5) 23... Bd7 $1 {
Tyomkin,D} 24. Bxa6 Qe7 (24... Rb8 {Tyomkin,D})) (19. Nxf6+ $2 {Tyomkin,D} Bxf6
$1 (19... Rxf6 {Tyomkin,D} 20. Qg5+ Rg6 21. Rd8+ Kg7 22. Qxe5+ Bf6 23. Qc5 Rf7
24. Rxc8) 20. Rxf6 Rxf6 21. Qg5+ Rg6 22. Rd8+ Kf7 $19) 19... Rd7 (19... Kh8 {
Tyomkin,D} 20. Rg3 Rd7 (20... Rg8 {(Tyomkin,D) Rodriguez,Am} 21. Qh6 Rxg3 22.
hxg3 Rd7 23. Nxf6 Qxc2 24. Bh5 $4 Rxd1+ 25. Bxd1 Qxd1+ 26. Kh2 Qd3 {0-1
Hakki-Iskov,G/Eksjo 1982}) 21. Qh6 Rf7 22. Qh5 Rxd1+ 23. Bxd1 {Tyomkin,D: '[#]'
} Qa5 24. Kf1 Qd8 $11 {-see19.Qh6 Rd7 20.Rf3 Rf7 21.Rg3Kh8 22.Qh5etc.}) 20. Qh6
Rxd1+ (20... Rf7 {Tyomkin,D} 21. Rg3+ Kh8 22. Qh5 Rxd1+ 23. Bxd1 {[#]} Qa5 (
23... Qd5 {Tyomkin,D} 24. Qxf7 Qxd1+ 25. Kf2 Qxc2+ 26. Kf3 Qd3+ 27. Kf2 Qd4+
28. Kf3 Qd1+ 29. Kf2 $11) 24. Kf1 Qb5+ (24... Qd8 $11 {Tyomkin,D} 25. Qxf7
Qxd1+ 26. Kf2 Qxc2+ 27. Ke3 Bc5+ 28. Nxc5 Qxc5+ 29. Kf3 e4+ (29... Qd5+ $4 {
Tyomkin,D} 30. Kg4 $1 {P h3+-}) 30. Kxe4 Qc4+) (24... Qd8 {(Tyomkin,D)
Rodriguez,Am transposes into one of the above games where Black drawed easily.}
) 25. Be2 Qb1+ 26. Kf2 Qb7 $4 (26... Qb6+ {Tyomkin,D} 27. Kf3 f5 $1 28. Qxf7
fxe4+ 29. Kg4 Qd8) 27. Bxa6 $18 Qa7+ 28. Kf3 Qxa6 29. Qxf7 Qf1+ 30. Nf2 e4+ 31.
Kg4 e5+ 32. Kh4 {1:0 Poliakov-Khenkin, USSR 1988}) 21. Bxd1 Rf7 22. Nxf6+ $2 {
An unfortunate novelty which leads to a lost position} ({White should have
played} 22. Rg3+ Kh8 23. Qh5 {which is very unclear, is analyzed in the 20...
Rf7 21.Rg3 Kh8 22.Qh5 section.} (23. Bh5 $2 {loses to} Qa1+ 24. Kf2 Qd4+ 25.
Kf1 (25. Kf3 f5) 25... Qc4+ 26. Kf2 (26. Kg1 Qxe4) (26. Rd3 Rg7) 26... Qxe4 27.
Bxf7 Qxc2+ 28. Kf1 Qd1+ 29. Kf2 Bc5+ {and black wins})) 22... Bxf6 23. Rxf6
Rxf6 24. Qxf6 Qd5 {Black is two pawns up and white doesn't have a perpetual
check} 25. Qg5+ (25. Bh5 Qd4+ 26. Kf1 Qf4+ {and black wins}) (25. Bf3 {is met
by} e4) 25... Kf8 26. Qf6+ Ke8 27. Qh8+ {White wins back one pawn but the
black king reaches a secure place} Kd7 28. Qxh7+ Kd6 {That's it. The checks
are over and black's extra pawn decides} 29. Bf3 Qd4+ 30. Kf1 a5 31. g3 (31.
Qh8 Kc7 {and black throws in the a-pawn forward securing the win} (31... Ba6+
32. Ke1)) 31... a4 32. Qh8 Kc7 33. Be2 (33. Qf6 Kb6 {is also hopeless for white
}) 33... a3 0-1

[Event "St Petersburg-ch 78th"]
[Site "St Petersburg"]
[Date "2005.03.19"]
[Round "3"]
[White "Solovjov, Sergey"]
[Black "Popov, Valerij"]
[Result "0-1"]
[WhiteElo "2456"]
[BlackElo "2588"]
[Annotator "Gofshtein,L"]
[PlyCount "73"]
[EventDate "2005.03.17"]
[EventType "tourn"]
[EventRounds "11"]
[EventCountry "RUS"]
[EventCategory "10"]
[SourceTitle "CBM 106"]
[Source "ChessBase"]
[SourceDate "2005.06.06"]
[SourceVersion "1"]
[SourceVersionDate "2005.06.06"]
[SourceQuality "1"]

1. e4 c5 2. Nf3 d6 3. d4 cxd4 4. Nxd4 Nf6 5. Nc3 a6 6. Bg5 e6 7. f4 Qb6 8. Qd2
Qxb2 9. Rb1 Qa3 10. f5 {The main line of the variation.} Nc6 11. fxe6 fxe6 12.
Nxc6 bxc6 13. e5 dxe5 14. Bxf6 gxf6 15. Ne4 {A variation which has arosen,
leads, as it's well known to a cracking complications.} Qxa2 {15...Be7 is a
possible alternative. Lately black faces some difficulties in this line after
the transfer of the white rook to f3.} (15... Be7) (15... Be7 16. Be2 h5 17.
Rf1 f5 (17... Qxa2 18. Rd1 Qd5 19. Qe3 Qa5+ 20. c3 f5 21. Qg3 Kf8 22. Qg6 Qa4
23. Rf3 Ra7 24. Rg3 Bh4 25. Ng5 Bxg3+ 26. hxg3 Qa5 27. Qf6+ $18 {1-0 Radjabov,
T-Ye Jiangchuan/Mallorca 2004/CBM 104 no vc (30)}) 18. Rf3 Qxa2 19. Rfb3 fxe4
20. Qc3 Bd8 21. Qxc6+ Ke7 22. Qxa8 $36 {1-0 Ibraev,N-Kokarev,D/St Petersburg
2003/EXT 2004 (30)}) 16. Rd1 {[%cal Rd2d8]} Be7 17. Be2 {[%cal Re2h5]} O-O 18.
O-O Ra7 $5 {This move is black's main defensive idea in this line} (18... f5
19. Qh6 Qxc2 {There is also the more dubious 19...Rf7} 20. Rd3 (20. Ng5 Bc5+ (
20... Qc5+ $2 21. Kh1 Bxg5 22. Qxg5+ Kh8 23. Rd8 Ra7 (23... Rxd8 24. Qxd8+ Kg7
25. Qg5+ Kh8 26. Rd1 $18) 24. Rxf5 $1 $18) 21. Kh1 Ra7 $17 {Liberzon-Gruenfeld,
Biel 1980}) (20. Rf3 f4 21. Rh3 Rf7 (21... Qxe4 22. Bd3 Rd8 23. Bxe4 Rxd1+ 24.
Kf2 $18) 22. Rhd3 Qxe2 23. Rd8+ Rf8 24. Nf6+ Kf7 25. Nh5 Bxd8 26. Qxh7+ Ke8 27.
Qg6+ $11 {Watson-King, London 1990}) 20... Qxe2 21. Rg3+ Kf7 22. Rxf5+ $1 exf5
23. Rg7+ Ke8 24. Qxc6+ Kd8 25. Qb6+ $11 {Velimirovic-Ftacnik, Vrsac 1981}) 19.
Qh6 $2 {A mistake, which leads to a loss.} (19. Rf3 $142 $5 Kh8 20. Rg3 Rd7 (
20... Rg8 21. Qh6 Rxg3 22. hxg3 Rd7 23. Nxf6 Qxc2 $13 (23... Qxc2 24. Bh5 $4
Rxd1+ 25. Bxd1 Qxd1+ 26. Kh2 Qd3 {0-1 Hakki-Iskov,G/Eksjo 1982})) 21. Qh6 Rf7
22. Qh5 Rxd1+ 23. Bxd1 Qa5 24. Kf1 Qd8 $11) (19. Nxf6+ $2 Bxf6 $1 (19... Rxf6
20. Qg5+ Rg6 21. Rd8+ Kg7 22. Qxe5+ Bf6 23. Qc5 Rf7 24. Rxc8) 20. Rxf6 Rxf6 21.
Qg5+ Rg6 22. Rd8+ Kf7 $19) 19... Rd7 $2 {19...Qc2 deserved a serious attention
and as the variations show black has a good position.} (19... Qxc2 $5 $17 20.
Nxf6+ (20. Bd3 Qb3 (20... Qa4 $5) (20... Qa4 $5) 21. Kh1 (21. Rd2 f5 22. Rf3
Ba3 $3 23. Rg3+ (23. Bc2 $2 Qb6+ 24. Kh1 fxe4) 23... Kh8 24. Nf6 Raf7) 21... f5
22. Qe3 Rd7 $1 23. Rd2 (23. Qg3+ Kf7) 23... Bb4 $1 {: 0-1 Morris,W-Poulsen,A/
Copenhagen op 1980} (23... fxe4 24. Qg3+ Kh8 25. Qxe5+) 24. Rdd1 (24. Rb1 Bxd2
25. Qg3+ Rg7) 24... fxe4 25. Rxf8+ Bxf8 $19) (20. Rd3 Qxe2 21. Rg3+ Kf7 22.
Rxf6+ Ke8 (22... Bxf6 23. Qxf6+ Ke8 24. Nd6+ Kd7 25. Rg7+ Kxd6 26. Qxf8+ Kd5
27. Rxa7 Qd1+ 28. Qf1 Qd4+) 23. Rxf8+ Bxf8 24. Nf6+ Kf7 25. Qxh7+ Kxf6 26. Rg6+
(26. Rf3+ Qxf3) 26... Kf5 27. Rg7+ Kf4 $19) (20. Qe3 Rb7 21. Rd2 (21. Bd3 Qb3
22. Rb1 Qd5 23. Rbd1 Rb3) 21... Qa4) 20... Kh8 $5 21. Bd3 (21. Nd7 Rg8 22. Rd2
(22. Nf6 Bc5+ 23. Kh1 Qxe2 24. Nxg8 Rg7) 22... Qe4) 21... Qc5+ 22. Kh1 Bxf6 23.
Rxf6 Rg8) 20. Nxf6+ $2 {Again a mistake. After 20.Rd3 as the variations show,
the game shown below should have ended in a draw} (20. Rd3 $11 Rxd3 21. Bxd3 f5
(21... Rf7 $11 22. Nxf6+ (22. Ng5 fxg5 23. Bxh7+ Rxh7 24. Qg6+ $11) (22. Rf3 $2
f5) 22... Bxf6 (22... Rxf6 $4 23. Bxh7+ {with mate.}) 23. Bxh7+ Rxh7 24. Qxf6
Rg7 25. Qd8+ Kh7 26. Qh4+ $11) 22. Ng5 Bxg5 23. Qxg5+ Kh8 24. Qe7 Rg8 $8 (24...
Kg8 25. Rf3 Qa1+ 26. Kf2 Qd4+ 27. Kf1 $18) 25. Qf6+ Rg7 {1/2-1/2 Topalov,
V-Gelfand,B/Wijk aan Zee 1998/CBM 063/[Tyomkin,D] (30)}) (20. Rf3 Rf7 (20...
Rxd1+ 21. Bxd1 Rf7 22. Nxf6+ $2 {An unfortunate novelty which leads to a lost
position} ({White should have played} 22. Rg3+ Kh8 23. Qh5 {which is very
unclear, is analyzed in the 20...Rf7 21.Rg3 Kh8 22.Qh5 section.} (23. Bh5 $2 {
loses to} Qa1+ 24. Kf2 Qd4+ 25. Kf1 (25. Kf3 f5) 25... Qc4+ 26. Kf2 (26. Kg1
Qxe4) (26. Rd3 Rg7) 26... Qxe4 27. Bxf7 Qxc2+ 28. Kf1 Qd1+ 29. Kf2 Bc5+ {
and black wins})) 22... Bxf6 23. Rxf6 Rxf6 24. Qxf6 Qd5 {Black is two pawns up
and white doesn't have a perpetual check} 25. Qg5+ (25. Bh5 Qd4+ 26. Kf1 Qf4+ {
and black wins}) (25. Bf3 {is met by} e4) 25... Kf8 26. Qf6+ Ke8 27. Qh8+ {
White wins back one pawn but the black king reaches a secure place} Kd7 28.
Qxh7+ Kd6 {That's it. The checks are over and black's extra pawn decides} 29.
Bf3 Qd4+ 30. Kf1 a5 31. g3 (31. Qh8 Kc7 {and black throws in the a-pawn
forward securing the win} (31... Ba6+ 32. Ke1)) 31... a4 32. Qh8 Kc7 33. Be2 (
33. Qf6 Kb6 {is also hopeless for white}) 33... a3 {0-1 Pavlovic,M-Ruck,R/
Topola 2004/CBM 101/[Gofshtein,L] (33)}) 21. Rg3+ Kh8 22. Qh5 Rxd1+ 23. Bxd1
Qa5 (23... Qd5 24. Qxf7 Qxd1+ 25. Kf2 Qxc2+ 26. Kf3 Qd3+ 27. Kf2 Qd4+ $132 (
27... Qd4+ 28. Kf3 Qd1+ 29. Kf2 $11)) 24. Kf1 Qd8 {transposes into one of the
above games where Black drawed easily.} (24... Qd8 $11) (24... Qd8 {CCYB 11/164
} 25. Qxf7 Qxd1+ 26. Kf2 Qxc2+ 27. Ke3 (27. Kf3 Qd1+ 28. Kf2 Qc2+ 29. Ke3 Bc5+
30. Nxc5 Qxc5+ 31. Kd2 Qf2+ 32. Kc3 Qd4+ 33. Kc2 Qf2+ 34. Kc3 {1/2-1/2 Vallejo
Pons,F-Kasparov,G/Moscow 2004/CBM 102 (34)}) 27... Bc5+ 28. Nxc5 Qxc5+ 29. Kf3
e4+ $1 (29... Qd5+ $4 30. Kg4 $1 {P h3+-}) 30. Kxe4 Qc4+ $10 {RR CCYB 1/2-1/2
Andersson,G-Poulsen,A/corr Olympiad) 1991})) 20... Rxf6 21. Rxf6 Rxd1+ 22. Bxd1
Bxf6 23. Qxf6 Qd5 24. Bf3 $6 {24.Qg5 was much more stubborn.} (24. Qg5+ $5 Kf8
25. Bf3 Qd4+ 26. Kf1 e4 27. Qf4+ Kg7 28. Bxe4 h6 29. c3 Qc4+ 30. Kf2) 24... e4
25. Bg4 h5 26. Bxh5 {Also after 26.Qg6 the advantage is on the black's side.} (
26. Qg6+ Kf8 27. Bxh5 Qc5+ 28. Kh1 Qf5 29. Qe8+ Kg7 $17) 26... Qc5+ {26...Qh5
was a fine alternative with a winning position.} (26... Qxh5 27. Qd8+ Kf7 28.
Qxc8 Qd1+ 29. Kf2 Qxc2+ 30. Ke1 Qc3+ 31. Kf2 Qd2+ 32. Kf1 e3 33. Qc7+ Kg6 34.
Qg3+ Kf5 35. Qf3+ Ke5 36. Qg3+ Ke4 $19) 27. Kf1 Qf5+ 28. Qxf5 exf5 29. Be8 c5
30. Ke2 Kf8 {After the exchange of queens black has a clear edge as he has not
only a material advantage but also the remote a-pawn.} 31. Ba4 f4 32. Bc6 Bg4+
33. Kd2 e3+ 34. Kc3 Ke7 $19 35. h3 Be2 36. h4 a5 37. Ba4 {White resigned as
his g2 pawn is very weak and also black's passed a and e pawns make his
defense even more difficult.} (37. Ba4 Kd6 38. Be8 Bf1 39. h5 Bxg2 40. h6 (40.
Bg6 f3 41. h6 e2 $19) 40... Be4 41. Bh5 a4 $19) 0-1

[Event "Corus-C"]
[Site "Wijk aan Zee"]
[Date "2004.01.14"]
[Round "4"]
[White "Carlsen, Magnus"]
[Black "Popov, Valerij"]
[Result "1-0"]
[WhiteElo "2484"]
[BlackElo "2580"]
[Annotator "Gofshtein,L"]
[PlyCount "51"]
[EventDate "2004.01.10"]
[EventType "tourn"]
[EventRounds "13"]
[EventCountry "NED"]
[EventCategory "9"]
[SourceTitle "CBM 099"]
[Source "ChessBase"]
[SourceDate "2004.03.30"]
[SourceVersion "1"]
[SourceVersionDate "2004.03.30"]
[SourceQuality "1"]

1. e4 {[%mdl 4]} c5 2. Nf3 d6 3. d4 cxd4 4. Nxd4 Nf6 5. Nc3 a6 6. Bg5 e6 7. f4
Qb6 8. Qd2 Qxb2 9. Rb1 Qa3 10. f5 Nc6 11. fxe6 fxe6 12. Nxc6 bxc6 13. e5 Nd5 {
13...de is more popular} (13... dxe5 $5) 14. Nxd5 cxd5 15. Bd3 $5 {A
relatively rare continuation. Usually white plays 15.Be2 or 15.c4. The idea of
Bd3 is to force e5-e4 which easies later the break of the black pawn chain in
the center.} (15. c4 $5 dxc4 16. Bxc4 Qc5 (16... d5 17. Bxd5 $2 exd5 18. Qxd5
Bb4+ $19) 17. Be2 d5 (17... Qxe5 $2 18. O-O $16 {1-0 Vogt,L-Espig,L/Colditz
1967/EXT 99/[Bulletin] (29)}) (17... Bd7) 18. Be3 Qc7 19. Rc1 Qxe5 20. Bd4 $36
{1-0 Van de Velden,E-Baak,K/Soest 1995/EXT 98 (37)}) (15. Be2 dxe5 16. O-O Bc5+
(16... Ra7 17. c4 Qc5+ 18. Kh1 d4 $13 {1/2-1/2 Grechihin,V-Popov,V/Cherepovets
1997/EXT 99 (38)}) 17. Kh1 Rf8 18. c4 Rxf1+ 19. Rxf1 $44 {0-1 Fischer,R-Geller,
E/Monte Carlo 1967/MCD (25)}) 15... dxe5 $146 {[%mdl 8] A novelty. 15...Qc5
was played before as the game given below shows} (15... Qc5 16. Be3 Qc7 17. O-O
dxe5 18. Qf2 Bd6 19. Qh4 e4 20. Be2 Be5 21. Bb6 Qd6 22. c4 $44 {1-0 Bezgodov,
A-Savon,V/Alushta 1993/TD (36)}) 16. O-O Be7 {Black tries to exchange pieces
and to neutralize white's pressure.} 17. Kh1 {A typical prophylaxic move for
this kind of position. White gets his king off possible checks} e4 18. Be2 Rf8
{Black continues with his plan - to exchange as many pieces as possible} (18...
Bxg5 19. Qxg5 Qe7 20. Qh5+ g6 21. Qe5 $36) 19. c4 $1 $36 {White breaks black's
center in the proper time. Black can't keep his pawn chain} dxc4 (19... Rxf1+
20. Rxf1 Qb4 21. Qf4 Bxg5 22. Qxg5 Qb2 23. Bd1 $36) 20. Rxf8+ Kxf8 (20... Bxf8
21. Bh5+ g6 22. Qd8+ Kf7 23. Rf1+ Kg8 24. Qc7 $18) 21. Qf4+ Ke8 (21... Kg8 22.
Qxe4 Ra7 23. Rb8 $18) 22. Rf1 {Black's position is already defenceless because
of the position of his king} (22. Qxe4 $1) 22... Ra7 (22... Bxg5 23. Qf7+ Kd8
24. Rd1+ $18) 23. Qf7+ Kd7 24. Rd1+ Kc6 25. Qe8+ $18 Kb6 (25... Bd7 26. Qxe7
$18) 26. Qxc8 1-0